| 000 | 01449cam a22003497a 4500 | ||
|---|---|---|---|
| 003 | CHAP | ||
| 005 | 20220329135556.0 | ||
| 008 | 971013s1942 r 00010 d | ||
| 010 | _a38763 | ||
| 011 | _a39735 | ||
| 035 | _a43860 | ||
| 040 | _cCHAP | ||
| 082 |
_a330.9726 _bP45 |
||
| 100 | 0 | 0 |
_aPeña, Moisés T. de la. _986865 |
| 245 | 0 | _aCampeche económico | |
| 260 |
_aCampeche : _bGobierno Constitucional del Estado, _c1942 |
||
| 300 |
_a2 v. _b: ilus. |
||
| 505 | _aContenido: v.1 El v.1 El medio físico y social. La tierra. Economía agrícola. Economía ganadera -- v.2 Economía forestal. Economía industrial y mano de obra. Comercio y crédito. Comunicaciones y transportes. Hacienda pública. | ||
| 590 |
_aBATCH-UPD _b10 _c20130110 _lUCH01 _h0026 |
||
| 590 |
_aBATCH-UPD _b10 _c20130110 _lUCH01 _h2122 |
||
| 590 |
_aBATCH-UPD _b10 _c20130409 _lUCH01 _h2007 |
||
| 590 |
_aBATCH-UPD _b10 _c20130410 _lUCH01 _h1431 |
||
| 590 |
_aBATCH-UPD _b10 _c20130914 _lUCH01 _h0712 |
||
| 590 |
_aCONVERSION _b10 _c20130109 _lUCH01 _h1322 |
||
| 650 | 1 | 4 |
_aBosques _xAspectos económicos _xCampeche. _914064 |
| 650 | 1 | 4 |
_aCampeche _xCondiciones económicas. _917981 |
| 901 | _aBK | ||
| 942 | _cLIBRO | ||
| 949 |
_a330.9726 P45 _bBC _cLIBRO _d33724000330916 _eLIBRO _fv.1 _h2534 _i43860 _mD _si |
||
| 949 |
_a330.9726 P45 _bBC _cLIBRO _d33724000330924 _eLIBRO _fv.2 c.2 _h2536 _i43860 _mD _si |
||
| 949 |
_a330.9726 P45 _bBC _cLIBRO _d33724000376752 _eLIBRO _fv.2 _h2535 _i43860 _si |
||
| 999 |
_c38763 _d38763 |
||